000 00465nam a2200181Ia 4500
001 8826
005 20260306160638.0
008 260306t2012||||xx |||||||||||||| ||spa||
041 _aESP
082 _a371.4
_bA49
100 _aÁlvarez González, Manuel
_eAUT
245 0 _aOrientación educativa:
_bmodelos, áreas, estrategias y recursos
260 _c2012
300 _a436 páginas :
_c24 cm.
650 _aGEN
654 _aCED
942 _cLIB
_dJUS
_fJUS
_2ddc
_n
999 _c8826
_d8826